00656nam a22001937a 450000500170000000800410001702000180005804100120007608200240008810000160011224501190012825000080024726000400025530000440029536500130033952000100035265000810036270000190044320250211152745.0250211b |||||||| |||| 00| 0 eng d a9789353945480 aEnglish a 005.756 RUSb33619 aMarco Russo aThe definitive guide to DAX ...bbusiness intelligence with Microsoft Excel, SQL Server analysis services and Exel a2nd aNew DehlibPearson India Ltd.c2020 axxvi, 557 pages : illustrations ; 23 cm b1199cRs aBooks aDAX (Computer programming language) Business intelligence--Computer programs aAlberto Ferrai